Αμφισημία και οργανωσιακή κουλτούρα : λειτουργίες, περιορισμοί, δυνατότητες : διπλωματική εργασία [μεταπτυχιακή εργασία]
Αποθηκεύτηκε σε:
| Κύριος συγγραφέας: | |
|---|---|
| Συγγραφή απο Οργανισμό/Αρχή: | |
| Άλλοι συγγραφείς: | |
| Μορφή: | Thesis Βιβλίο |
| Γλώσσα: | Greek |
| Δημοσίευση: |
2014
|
| Θέματα: | |
| Διαθέσιμο Online: | http://hdl.handle.net/11610/14294 |
| Ετικέτες: |
Προσθήκη ετικέτας
Δεν υπάρχουν, Καταχωρήστε ετικέτα πρώτοι!
|
MARC
| LEADER | 00000cam a2200000 i 4500 | ||
|---|---|---|---|
| 001 | 1/58560 | ||
| 008 | 141029s2014 gre d | ||
| 035 | |l 10119544 | ||
| 040 | |a GR-MY-UA |b gre |e aacr | ||
| 041 | 0 | |a gre | |
| 082 | 0 | |a 302.35 |2 (22) | |
| 100 | 1 | |a Φωκίτη, Λήδα. | |
| 245 | 1 | 0 | |a Αμφισημία και οργανωσιακή κουλτούρα : |b λειτουργίες, περιορισμοί, δυνατότητες : διπλωματική εργασία [μεταπτυχιακή εργασία] / |c Φωκίτη Λήδα ; επιβλέπουσα: Θεοδωροπούλου Ελένη |
| 260 | |c 2014 | ||
| 300 | |a 201 σ.; |c 30 εκ. | ||
| 500 | |a Μέλη εξεταστικής επιτροπής: Κοντάκος Αναστάσιος, Καϊλα Μαρία | ||
| 502 | |a Διατριβή (μεταπτυχιακή) – Πανεπιστήμιο Αιγαίου, Ρόδος, 2014. | ||
| 504 | |a Βιβλιογραφία: σ. 179-201 | ||
| 650 | 0 | 0 | |a Organization. |
| 650 | 0 | 0 | |a Organizational behavior. |
| 650 | 0 | 0 | |a Organizational sociology. |
| 650 | 0 | 0 | |a Dissertations, Academic |z Greece. |
| 700 | 1 | |a Θεοδωροπούλου, Έλενα Κ. |4 ths | |
| 710 | 2 | |a Πανεπιστήμιο Αιγαίου |b Σχολή Ανθρωπιστικών Επιστημών |b Τμήμα Επιστημών της Προσχολικής Αγωγής και του Εκπαιδευτικού Σχεδιασμού |b Πρόγραμμα Μεταπτυχιακών Σπουδών Μοντέλα Σχεδιασμού και Ανάπτυξης Εκπαιδευτικών Μονάδων . | |
| 852 | |a INST |b RHODES |c DIATR |e 20141029 |h 302.35 ΦΩΚ |p 005400037156 |q 005400037156 |t MTXE |y 23 | ||
| 852 | |a INST |b RHODES |c DIATR |e 20141029 |h 302.35 ΦΩΚ |p 005400037157 |q 005400037157 |t MTXE |y 23 | ||
| 856 | |u http://hdl.handle.net/11610/14294 | ||
| 901 | |a BIBL4-2014-3 | ||
| 909 | |a Ρ |b 183479 | ||
| 909 | |a Ρ |b 183480 | ||
| 924 | |a Φωκίτη |b Λήδα |y Ρόδος |z 2014-06 | ||
| 970 | |z 2014/10/29 | ||